|
|
|
|
| LEADER |
01021nam a2200337 4500 |
| 001 |
DLU090094562 |
| 005 |
##20091201 |
| 040 |
# |
# |
|a DLU
|b eng
|
| 041 |
# |
# |
|a eng
|
| 044 |
# |
# |
|a us
|
| 100 |
# |
# |
|a Thorsen, Waverly A.
|
| 245 |
# |
# |
|a Bioavailability of PAHs : Effects of soot carbon and PAH source /
|c Waverly A. Thorsen, W. Gregory Cope, Damian Shea.
|
| 653 |
# |
# |
|a Bioavailability
|
| 653 |
# |
# |
|a Biological accumulation
|
| 653 |
# |
# |
|a Freshwater environment
|
| 653 |
# |
# |
|a Hydrocarbon
|
| 653 |
# |
# |
|a Marine environment
|
| 653 |
# |
# |
|a Organic compounds
|
| 653 |
# |
# |
|a Pollution
|
| 700 |
# |
# |
|a Cope, W. Gregory.
|
| 700 |
# |
# |
|a Shea, Damian.
|
| 773 |
# |
# |
|t Environmental Science & Technology
|g Vol. 38, no. 7 (April 2004), p. 2029-2037
|
| 920 |
# |
# |
|a Phòng Tạp chí -- Trung tâm Thông tin - Thư viện Trường Đại học Đà Lạt
|
| 994 |
# |
# |
|a DLU
|
| 900 |
# |
# |
|a True
|
| 911 |
# |
# |
|a Trương Bảo Trâm Anh
|
| 925 |
# |
# |
|a G
|
| 926 |
# |
# |
|a A
|
| 927 |
# |
# |
|a BB
|
| 980 |
# |
# |
|a Thư viện Trường Đại học Đà Lạt
|